MARC

LEADER 00000nam0a2200000 4500
001 294438
005 20231102000710.0
035 |a (RuTPU)RU\TPU\book\319497 
090 |a 294438 
100 |a 20150513d1983 km y0rusy50 ca 
101 1 |a rus  |c eng 
102 |a RU 
105 |a y z 001zy 
200 1 |a Когомологические операции  |e пер. с англ.  |f Н. Стинрод, Д. Эпстейн  |g под ред. В. М. Бухштабера 
210 |a Москва  |c Наука  |d 1983 
215 |a 232 с. 
320 |a Библиогр.: с. 228-229 
606 1 |a Когомологии  |2 stltpush  |3 (RuTPU)RU\TPU\subj\14610  |9 40974 
610 1 |a алгебра Стинрода 
610 1 |a аксиоматические построения 
610 1 |a пространства 
610 1 |a вложения 
610 1 |a сферы 
610 1 |a классические группы 
610 1 |a многообразия Штифеля 
610 1 |a соотношения Адема 
675 |a 515.14  |v 3 
700 1 |a Стинрод  |b Н.  |g Норман Э. 
701 1 |a Эпстейн  |b Д.  |g Давид Б. А. 
702 1 |a Бухштабер  |b В. М.  |4 340 
801 1 |a RU  |b 63413507  |c 20150513 
801 2 |a RU  |b 63413507  |c 20180406  |g RCR 
942 |c BK